Ecoregion of the World - Statistics

General Stats
  • This quiz has been taken 26 times
  • The average score is 17 of 20
Answer Stats
Hint Answer % Correct
Patagonia Argentina
100%
Amazonas Brazil
100%
Galapagos Ecuador
100%
Azores Portugal
100%
Canary Islands Spain
100%
Tanganyika Tanzania/DR Congo
100%
Tasmania Australia
95%
Ganges India
95%
Kalahari Namibia
95%
Baikal Russia
95%
Everglades United States
95%
Mekong Delta Vietnam
95%
Hebrides United Kingdom
90%
Sonora Mexico
86%
Drakensburg South Africa
86%
Apennine Italy
76%
Maluku Indonesia
67%
Okavango Botswana
62%
Taklamakan China
52%
Mascarenes Mauritius
10%
No matching quizzes found
Score Distribution
Percent of People with Each Score
Percentile by Number Answered
Your Score History
You have not taken this quiz